zpět

Detail výsledku týmu

Študáč starej, Olomouc

Datum a čas kvízu

17 Celkem bodů Celkový počet nahraných bodů na tomto kvízu bez doplňovacích otázek.
6. Pořadí na kvízu Konečné umístění týmu na tomto kvízu.

Zaznamenané odpovědi

# Otázka Odpověď Body Výsledky
1. Kostel svatého Vintíře v Dobré... 0
2. Pětačtyřicetiletý pastor, kter... 0
3. Internetem hýbe příběh raka z... 0
4. Firma Apple na své pravidelné... 0
5. Druhý letošní grandslamový tur... 0
6. Jak se jmenuje český autor, kt... 0
7. Ke které deskové hře odkazuje... 1
8. Ve hře Osadníci z Katanu je mo... 1
9. Ze které evropské země pochází... 0
10. Napište jméno této postavy z k... 1